Návrh riadenia lietajúcich dronov pomocou neuroevolúcie

Gespeichert in:
Bibliographische Detailangaben
1. Verfasser: Melichar, Aleš (Verfasst von)
Weitere Verfasser: Sekaj, Ivan (Betreuung Doktorarbeit)
Format: Manuskript Buch
Sprache:Slowakisch
Veröffentlicht: Bratislava : STU v Bratislave FEI, 2024
Schlagworte:
Online-Zugang:https://opac.crzp.sk/?fn=detailBiblioFormChildO1UBVC&sid=9A7D98113A4E7D6F09AA74A0EB46&seo=CRZP-detail-kniha
Tags: Tag hinzufügen
Keine Tags, Fügen Sie das erste Tag hinzu!

MARC

LEADER 00000ntm a22000003a 4500
001 stuzp96630
003 SK-STU
005 20250429144015.0
007 ta
008 150427s2015----xo-----f-mn---000-0-slo-d
040 |a STU  |b slo 
041 0 |a slo 
044 |a xo 
100 1 |a Melichar, Aleš  |u 031000  |4 aut  |U FEI Fakulta elektrotechniky a informatiky  |T FEI Ústav robotiky a kybernetiky  |X 104268  |U E011  |Y 356  |7 104268 
242 0 1 |a Control Design of Flying Drones using Neuroevolution  |y eng 
245 1 0 |a Návrh riadenia lietajúcich dronov pomocou neuroevolúcie 
260 |a Bratislava :  |b STU v Bratislave FEI,  |c 2024 
300 |a 99 s. 
650 4 |a dron  |2 slo 
650 4 |a Unity  |2 slo 
650 4 |a neuroevolúcia  |2 slo 
650 4 |a NEAT  |2 slo 
650 4 |a ML-Agents  |2 slo 
650 4 |a neuroevolution  |2 eng 
650 4 |a NEAT  |2 eng 
650 4 |a drone  |2 eng 
650 4 |a Unity  |2 eng 
650 4 |a ML-Agents  |2 eng 
700 1 |a Sekaj, Ivan  |u 031000  |k Z1  |4 ths  |U FEI Fakulta elektrotechniky a informatiky  |T FEI Ústav robotiky a kybernetiky  |X 4946  |U E011  |Y 356  |7 A000004946 
856 4 |u https://opac.crzp.sk/?fn=detailBiblioFormChildO1UBVC&sid=9A7D98113A4E7D6F09AA74A0EB46&seo=CRZP-detail-kniha